书目信息 |
| 题名: |
北京陆生生物学野外实习指导
|
|
| 作者: | 杨林 , 张淑萍 主编 | |
| 分册: | ||
| 出版信息: | 北京 中央民族大学出版社 2006.05 |
|
| 页数: | 273页, [4] 页图版 | |
| 开本: | 21cm | |
| 丛书名: | ||
| 单 册: | ||
| 中图分类: | Q-45 | |
| 科图分类: | ||
| 主题词: | 生物学--sheng wu xue--教育实习--高等学校--教学参考资料 | |
| 电子资源: | ||
| ISBN: | 7-81108-170-9 | |
| 000 | 00945nam0 2200253 450 | |
| 001 | 012006094822 | |
| 005 | 20070528155217.48 | |
| 010 | @a7-81108-170-9@dCNY18.00 | |
| 100 | @a20061230d2006 km y0chiy0120 ea | |
| 101 | 0 | @achi |
| 102 | @aCN@b110000 | |
| 105 | @aaf a 000yy | |
| 200 | 1 | @a北京陆生生物学野外实习指导@Abei jing lu sheng sheng wu xue ye wai shi xi zhi dao@f杨林, 张淑萍主编@Fyang lin,zhang shu ping zhu bian |
| 210 | @a北京@c中央民族大学出版社@d2006.05 | |
| 215 | @a273页, [4] 页图版@c图@d21cm | |
| 300 | @a中央民族大学国家"十五""211工程"建设项目 | |
| 320 | @a有书目 (第272-273页)。 | |
| 330 | @a本书内容包括:野外实习的准备、植物分类学野外实习、动物分类学野外实习、生物学野外实习等4篇8章。 | |
| 606 | 0 | @a生物学@Asheng wu xue@x教育实习@x高等学校@j教学参考资料 |
| 690 | @aQ-45@v4 | |
| 701 | 0 | @a杨林@Ayang lin@4主编 |
| 701 | 0 | @a张淑萍@Azhang shu ping@4主编 |
| 801 | 0 | @aCN@c20070528 |
| 905 | @b233163-65@dQ-45@eY225 | |
| 北京陆生生物学野外实习指导/杨林, 张淑萍主编.-北京:中央民族大学出版社,2006.05 |
| 273页, [4] 页图版:图;21cm |
| 中央民族大学国家"十五""211工程"建设项目 |
| ISBN 7-81108-170-9:CNY18.00 |
| 本书内容包括:野外实习的准备、植物分类学野外实习、动物分类学野外实习、生物学野外实习等4篇8章。 |
| ● |
| 相关链接 |
|
|
|
正题名:北京陆生生物学野外实习指导
索取号:Q-45/Y225
 
预约/预借
| 序号 | 登录号 | 条形码 | 馆藏地/架位号 | 状态 | 备注 |
| 1 | 233163 | 202331636 | 自科库401/401自科库 24排1列4层/ [索取号:Q-45/Y225] | 在馆 | |
| 2 | 233164 | 202331645 | 自科库401/401自科库 24排1列4层/ [索取号:Q-45/Y225] | 在馆 | |
| 3 | 233165 | 202331654 | 自科库401/401自科库 24排1列4层/ [索取号:Q-45/Y225] | 在馆 |